000 00394nam a22001697a 4500
005 20180131150114.0
008 160427b xxu||||| |||| 00| 0 eng d
020 _a81-203-1531-6
041 _aeng
082 _b00239
_a004
100 _aRajaraman, V.
_996
245 _aFundamentals of Computers
250 _a4th ed.
260 _aNew Delhi
_bPHI Pvt Ltd.
_c2003
300 _a351
942 _cBK
999 _c80
_d80